| 000 | 00403nam a2200133Ia 4500 | ||
|---|---|---|---|
| 008 | 231129s9999||||xx |||||||||||||| ||spa|| | ||
| 020 | _aISBN 10: 970-10-6667 | ||
| 040 | _bspa | ||
| 082 | _a621.3815 T646e | ||
| 100 | _aTokheim Roger L. | ||
| 245 | 0 | _aElectrónica digital: principios y aplicaciones | |
| 264 | _aMcGraw-Hill / Interamericana Editores | ||
| 942 |
_2ddc _cBKS |
||
| 999 |
_c12740 _d12740 |
||